Finanz-Revue Schweizerisches Wirtschaftsblatt

Enregistré dans:
Détails bibliographiques
Format: Publication en série
Langue:allemand
Publié: Zürich Finanz-Revue 1975
Tags: Ajouter un tag
Pas de tags, Soyez le premier à ajouter un tag!

MARC

LEADER 00000nas2a22000001 4500
001 0013113
005 20250730114314.0
041 0 |a ger 
044 |a CH 
245 1 0 |a Finanz-Revue  |b Schweizerisches Wirtschaftsblatt 
264 1 |a Zürich  |b Finanz-Revue  |c 1975 
300 |a 1 zv. 
773 0 |w eu_un_cat*s120705